Inventarizace hospodářských prostředků v organizacích spotřebního družstevnictví /

Main Author: Svoboda, Josef
Corporate Author: Svaz spotřebních družstev
Language: Czech
Published: Praha : Ústřední rada družstev, 1972
Edition: 1. vydání
Physical Description: 48 stran ; 8°
Book
Saved in:
LEADER 01451nam a22003972i 4500
001 001584489
003 CZ BrMZK
005 20171026120236.0
007 ta
008 170711s1972 xr er|||||||||||cze d
015 |a cnb000438610 
035 |a (OCoLC)42155205 
040 |a ABA001  |b cze  |c OSA001  |d ABA001  |d BOA001  |e rda 
072 7 |a 657  |x Účetnictví  |2 Konspekt  |9 4 
080 |a 657.371  |2 MRF 
080 |a 334.735  |2 MRF 
080 |a (041)  |2 MRF 
100 1 |a Svoboda, Josef  |7 jx20040812008  |4 aut 
245 1 0 |a Inventarizace hospodářských prostředků v organizacích spotřebního družstevnictví /  |c vyhlášku číslo 155/1971 Sb. rozpracoval Josef Svoboda 
250 |a 1. vydání 
264 1 |a Praha :  |b Ústřední rada družstev,  |c 1972 
300 |a 48 stran ;  |c 8° 
336 |a text  |b txt  |2 rdacontent 
337 |a bez média  |b n  |2 rdamedia 
338 |a svazek  |b nc  |2 rdacarrier 
500 |a 3500 výt. 
550 |a Vydavatel: Ústřední rada družstev pro vnitřní potřebu Čes. svazu spotřebních družstev 
650 0 7 |a inventarizace  |7 ph135598  |2 czenas 
650 0 7 |a spotřební družstva  |7 ph116259  |2 czenas 
653 0 |a hospodářské prostředky 
655 7 |a brožury  |7 fd131925  |2 czenas 
710 2 |a Svaz spotřebních družstev  |7 ko2016933129  |4 isb 
910 |a BOA001  |b X-0694.868 
990 |a BK 
991 |b 201707 
996 6 |b 2618905951  |c X-0694.868  |l MZK  |r Sklad / do 24 hodin  |n 0  |w 001619613  |u 000010  |a 1  |e BOA001  |j MZK50  |s P